Normal view MARC view

Entry AUTORIDADES PERSONAS

Number of records used in: 2

001 - NÚMERO DE CONTROL

  • campo de control: 510

003 - CONTROL

  • campo de control: AR-BaSMT

005 - FECHA Y HORA DE LA ÚLTIMA TRANSACCIÓN

  • campo de control: 20260512133958.0

008 - ELEMENTOS LONGITUD FÍSICA

  • campo de control de longitud fija: 260512|| aca||aabn | a|a d

024 7# - OTROS INDICADORES NORMALIZADOS

  • Fuente: VIAF
  • Número estándar o código: http://viaf.org/viaf/41172122401503161243

040 ## - FUENTE DE CATALOGACIÓN

  • Agencia que cataloga: AR-BaSMT
  • Idioma de catalogación: spa
  • Norma: RDA

100 1# - ENCABEZAMIENTO-NOMBRE DE PERSONA

  • Nombre de persona: Pérez Moreno, Elena

400 0# - TRAZADO DE VÉASE--NOMBRE DE PERSONA

  • Nombre de persona: Elena Pérez Moreno

670 ## - FUENTE DE DATOS ENCONTRADOS

  • Cita de la fuente: Nueva ortografía para trabajar en el aula, 2013
  • Donde se localiza la información: Portada

Powered by Koha